000 00453cam a22001814a 4500
005 20250605164303.0
008 250528s ||||||||||||||||||||||||d
035 _a22166
040 _aGR-AtMCL
_bgre
_dGR-AtMCL
_eAACR2
245 1 _aΤΟ ΠΟΡΤΡΕΤΟ ΤΟΥ ΝΤΟΡΙΑΝ ΓΚΡΕΙ
250 _a1
300 _a239
700 1 _aΟυαϊλντ Οσκαρ
_98030
942 _cBK
260 _bΑγορα
999 _c7222
_d7222